[Event "Druzynowe Mistrzostwa Polski - II liga"]
[Site "Dom Wczasowy VIS Jastrzebia Gora"]
[Date "1899-12-30"]
[Round "3.22"]
[White "Mazurkiewicz, Michal"]
[Black "Wozniak, Marcin"]
[Result "1-0"]
[WhiteTitle "CM"]
[BlackTitle "I++"]
[WhiteElo "2159"]
[BlackElo "1821"]

1. e4 e5 2. Nf3 Nc6 3. d3 d5 4. Nbd2 f5 5. c3 Nf6 6. Qb3 Bc5 7. exd5 Nxd5 8. Nc4
Qe7 9. Bg5 Qe6 10. O-O-O Bxf2 11. Rd2 h6 12. Rxf2 hxg5 13. Ncxe5 f4 14. d4 Nxe5
15. Nxe5 Ne3 16. Qa3 Rh6 17. Bb5+ c6 18. Bd3 Bd7 19. Re1 O-O-O 20. h3 Kb8 21.
Ng4 Rhh8 22. Rf3 Nc4 23. Rxe6 Nxa3 24. Re5 Bxg4 25. hxg4 Rh1+ 26. Rf1 Rxf1+ 27.
Bxf1 Nb5 28. Bxb5 cxb5 29. Rxg5 Rh8 30. Rh5 Rf8 31. Rxb5 g6 32. Kd1 Rh8 33. Ke2
Rh1 34. Kf2 Rb1 35. a4 a6 36. Rb4 Kc7 37. g5 b6 38. d5 a5 39. d6+ Kxd6 40. Rxb6+
Ke5 41. b4 Kf5 42. bxa5 Ra1 43. Rb4 Ra2+ 44. Kf3 Ra3 1-0

[Event "Druzynowe Mistrzostwa Polski - II liga"]
[Site "Dom Wczasowy VIS Jastrzebia Gora"]
[Date "1899-12-30"]
[Round "3.23"]
[White "Trybowska, Barbara"]
[Black "Krupa, Monika"]
[Result "1-0"]
[WhiteTitle "I++"]
[BlackTitle "WGM"]
[WhiteElo "1848"]
[BlackElo "2140"]

1. e4 c5 2. Nf3 Nc6 3. Bb5 g6 4. c3 Qb6 5. Bxc6 Qxc6 6. Qe2 Bg7 7. O-O d5 8. d3
b6 9. exd5 Qxd5 10. d4 cxd4 11. cxd4 Bb7 12. Nc3 Qh5 13. Ne4 Kf8 14. Re1 Qg4 15.
Qd3 Rd8 16. Bd2 Nf6 17. Neg5 h6 18. Qe3 Rd7 19. h3 Qh5 20. Ne5 hxg5 21. Nxd7+
Kg8 22. Qxe7 Nd5 23. Qe8+ Kh7 24. Qxf7 g4 25. Re7 Rg8 26. Nf8+ 1-0

[Event "Druzynowe Mistrzostwa Polski - II liga"]
[Site "Dom Wczasowy VIS Jastrzebia Gora"]
[Date "1899-12-30"]
[Round "3.24"]
[White "Marczuk, Dominik"]
[Black "Grabowski, Pawel"]
[Result "0-1"]
[WhiteTitle "FM"]
[BlackTitle "FM"]
[WhiteElo "2281"]
[BlackElo "2253"]

1. d4 Nf6 2. Nc3 d6 3. e4 e5 4. Nf3 exd4 5. Nxd4 g6 6. Be2 Bg7 7. O-O O-O 8. Bg5
Nc6 9. Nb3 Be6 10. f4 Qe8 11. Bf3 Nd7 12. Nd5 Bxd5 13. exd5 Nd4 14. Re1 Nxf3+
15. Qxf3 Qc8 16. c3 Nb6 17. g4 Qd7 18. f5 Rfe8 19. Be3 Nc4 20. Bd4 Be5 21. Re2
a5 22. Bxe5 Nxe5 23. Qg2 Qb5 24. Nd4 Qc4 25. f6 Nd7 26. Rf2 Re3 27. Raf1 Rae8
28. Nf5 R3e5 29. Ne7+ R8xe7 30. fxe7 Rxe7 31. Rf4 Qxa2 32. c4 Qb3 33. Re4 Rxe4
34. Qxe4 Ne5 35. c5 Qxb2 36. cxd6 cxd6 37. Kh1 b5 38. Rb1 Qf2 39. Qg2 Qc5 40.
Qd2 Qc4 41. Re1 a4 42. h3 a3 43. Kg2 b4 44. Rxe5 dxe5 45. d6 a2 46. d7 Qc6+ 47.
Kh2 Qxd7 48. Qxd7 a1=Q 49. Qb5 Qc3 50. Qb6 b3 51. h4 Qe1 52. Kh3 Qf1+ 53. Kg3
Qf4+ 54. Kh3 Qf3+ 55. Kh2 Qe2+ 56. Kh3 b2 57. Qb8+ Kg7 58. g5 Qf3+ 59. Kh2 Qf2+
0-1

[Event "Druzynowe Mistrzostwa Polski - II liga"]
[Site "Dom Wczasowy VIS Jastrzebia Gora"]
[Date "1899-12-30"]
[Round "3.25"]
[White "Dlugosz, Jedrzej"]
[Black "Chmiel, Marcin"]
[Result "1-0"]
[WhiteTitle "m"]
[BlackTitle "k+"]
[WhiteElo "2342"]
[BlackElo "2188"]

1. e4 c5 2. Nf3 d6 3. d4 cxd4 4. Nxd4 Nf6 5. Nc3 Nc6 6. Bc4 Qb6 7. Nb3 e6 8. O-O
Be7 9. Bd3 O-O 10. Be3 Qc7 11. f4 a6 12. a4 b6 13. Qf3 Bb7 14. Qh3 g6 15. Rae1
Nb4 16. f5 e5 17. Bg5 d5 18. fxg6 fxg6 19. Qe6+ Kg7 20. exd5 Bc8 21. Qxe5 Qxe5
22. Rxe5 Bd6 23. Bxf6+ Rxf6 24. Rxf6 Bxe5 25. Rxb6 Nxd3 26. cxd3 Rb8 27. a5 Kf7
28. Ne4 Rxb6 29. axb6 Bb7 30. d4 Bb8 31. Nc3 Ke7 32. Nc5 Bc8 33. b7 1-0

[Event "Druzynowe Mistrzostwa Polski - II liga"]
[Site "Dom Wczasowy VIS Jastrzebia Gora"]
[Date "1899-12-30"]
[Round "3.26"]
[White "Gbyl, Andrzej"]
[Black "Okrucinski, Tadeusz"]
[Result "1-0"]
[WhiteTitle "k+"]
[BlackTitle "FM"]
[WhiteElo "2144"]
[BlackElo "2182"]

1. d4 Nf6 2. Nf3 c5 3. d5 e6 4. c4 exd5 5. cxd5 d6 6. Nc3 g6 7. e4 Bg7 8. Bf4 O-O
9. Nd2 Nh5 10. Be3 Qh4 11. Bf4 Qd8 12. Be3 Qh4 1-0

[Event "Druzynowe Mistrzostwa Polski - II liga"]
[Site "Dom Wczasowy VIS Jastrzebia Gora"]
[Date "1899-12-30"]
[Round "3.27"]
[White "Kindler, Przemyslaw"]
[Black "Golda, Sebastian"]
[Result "0-1"]
[WhiteTitle "k"]
[BlackTitle "k"]
[WhiteElo "1969"]
[BlackElo "2105"]

1. e4 c5 2. Nf3 d6 3. d4 cxd4 4. Nxd4 Nf6 5. Nc3 a6 6. Bc4 e6 7. Bb3 b5 8. Qf3
Qc7 9. O-O Be7 10. Re1 O-O 11. Bg5 Bb7 12. Bxf6 Bxf6 13. Rad1 Nc6 14. Nce2 Ne5
15. Qg3 Nc4 16. Bxc4 Qxc4 17. b3 Qc5 18. Qd3 Rfd8 19. c4 d5 20. exd5 bxc4 21.
Qxc4 Qxd5 22. Qxd5 Bxd5 23. Nc2 Rac8 24. Rxd5 Rxd5 25. Ne3 Rd2 26. Nc1 Bd4 27.
Nd1 Bb6 28. a3 Bd4 29. b4 0-1

[Event "Druzynowe Mistrzostwa Polski - II liga"]
[Site "Dom Wczasowy VIS Jastrzebia Gora"]
[Date "1899-12-30"]
[Round "3.28"]
[White "Owoc, Jakub"]
[Black "Rybak, Tomasz"]
[Result "1-0"]
[WhiteTitle "I"]
[BlackTitle "k"]
[WhiteElo "1738"]
[BlackElo "2148"]

1. e4 c5 2. Nf3 d6 3. d4 cxd4 4. Nxd4 Nf6 5. Nc3 a6 6. Be2 e5 7. Nb3 Be7 8. Be3
Be6 9. Qd2 Qc7 10. O-O O-O 11. f4 exf4 12. Bxf4 Nc6 13. Kh1 Rac8 14. Nd4 Nxd4
15. Qxd4 Ne8 16. e5 dxe5 17. Bxe5 Qc5 18. Bd3 Qxd4 19. Bxd4 Bf6 20. Bxf6 Nxf6
21. Ne4 Nxe4 22. Bxe4 g6 23. b3 b6 24. c4 Rcd8 25. Rad1 Kg7 26. Kg1 Bg4 27. Rxd8
Rxd8 28. Bd5 Be6 29. Bxe6 fxe6 30. Re1 Kf6 31. Kf2 e5 32. Ke3 Kf5 33. Rf1+ Ke6
34. Rf2 Rd1 35. Rd2 Ra1 36. Re2 h5 37. Kd3 Kf5 38. Rf2+ Ke6 39. Re2 Kf5 40. Rf2+
Ke6 41. Re2 1-0

[Event "Druzynowe Mistrzostwa Polski - II liga"]
[Site "Dom Wczasowy VIS Jastrzebia Gora"]
[Date "1899-12-30"]
[Round "3.29"]
[White "Wilk, Oktawia"]
[Black "Jedrocha, Katarzyna"]
[Result "1/2-1/2"]
[WhiteTitle "I++"]
[BlackTitle "k"]
[WhiteElo "1821"]
[BlackElo "1978"]

1. e4 c5 2. Nf3 d6 3. d4 cxd4 4. Nxd4 Nf6 5. Nc3 a6 6. Be2 e5 7. Nb3 Be7 8. Be3
Be6 9. Qd2 Qc7 10. O-O O-O 11. f4 1/2-1/2

[Event "Druzynowe Mistrzostwa Polski - II liga"]
[Site "Dom Wczasowy VIS Jastrzebia Gora"]
[Date "1899-12-30"]
[Round "3.31"]
[White "Kokoszczynski, Jan"]
[Black "Paseka, Matyas"]
[Result "1/2-1/2"]
[WhiteTitle "FM"]
[BlackTitle ""]
[WhiteElo "2313"]
[BlackElo "2244"]

1. d4 Nf6 2. c4 d6 3. Nc3 Nbd7 4. e4 e5 5. Nf3 g6 6. Be2 Bg7 7. O-O O-O 8. Re1
a5 9. Bf1 exd4 10. Nxd4 Re8 11. Bg5 Nc5 12. f3 c6 13. Qd2 Qb6 14. Be3 Qc7 15.
Rad1 Be6 16. Nxe6 Rxe6 17. g3 Nfd7 18. Bh3 Ne5 19. Qe2 Re7 20. Bxc5 dxc5 21. f4
Nd7 22. e5 f5 23. Qf2 Rae8 24. Bg2 b6 25. Qf3 Re6 26. Re2 Qc8 27. Red2 Bxe5 28.
fxe5 Nxe5 29. Qf4 Ng4 30. Bf3 Ne5 31. Kg2 Kg7 32. Rd6 h6 33. h4 Nf7 34. Rd7 R6e7
35. Qd2 Ne5 36. Rxe7+ Rxe7 37. Qd8 Qe6 38. Qd2 Qc8 39. Qd8 Qe6 1/2-1/2

[Event "Druzynowe Mistrzostwa Polski - II liga"]
[Site "Dom Wczasowy VIS Jastrzebia Gora"]
[Date "1899-12-30"]
[Round "3.32"]
[White "Denderski, Piotr"]
[Black "Flak, Pawel"]
[Result "0-1"]
[WhiteTitle "k"]
[BlackTitle "k+"]
[WhiteElo "2246"]
[BlackElo "2190"]

1. d4 Nf6 2. c4 b6 3. Nc3 Bb7 4. Bg5 d6 5. d5 e5 6. e4 Be7 7. Nf3 O-O 8. Bd3 Nbd7
9. Qd2 Nc5 10. Bc2 a5 11. h3 c6 12. Rd1 cxd5 13. Bxf6 Bxf6 14. Nxd5 Bxd5 15. Qxd5
Be7 16. O-O Qc7 17. Rd2 Ne6 18. g3 Rac8 19. b3 Qc5 20. h4 Qb4 21. Rb1 Rc5 22.
Qd3 Rc7 23. Qe3 Qc5 24. Qc3 Ra8 25. Rd5 Qc6 26. a4 Rcc8 27. Qe3 Nc7 28. Rd2 Qc5
29. Qe2 Ne6 30. Rd5 Qc6 31. Rbd1 Qb7 32. R1d2 Rc5 33. Qe3 Rac8 34. Qd3 Qb8 35.
Qe2 Nc7 36. R5d3 Na6 37. Rd1 Qb7 38. R3d2 Nc7 39. Bb1 Qc6 40. Kg2 Qe8 41. Qe3
Qc6 42. Qe2 Qe8 43. Qe3 0-1

[Event "Druzynowe Mistrzostwa Polski - II liga"]
[Site "Dom Wczasowy VIS Jastrzebia Gora"]
[Date "1899-12-30"]
[Round "3.33"]
[White "Gawronski, Miroslaw"]
[Black "Kaliszuk, Kamil"]
[Result "0-1"]
[WhiteTitle "m"]
[BlackTitle "k"]
[WhiteElo "1966"]
[BlackElo "2067"]

1. d4 d5 2. Nf3 Nf6 3. Bf4 e6 4. e3 Bd6 5. Ne5 O-O 6. c4 c5 7. dxc5 Bxc5 8. Nc3
Bb4 9. Qb3 Qa5 10. Rc1 Bxc3+ 11. Rxc3 Ne4 12. Qa3 Qxa3 13. Rxa3 f6 14. Nf3 e5
15. Bg3 Be6 16. cxd5 Bxd5 17. Ra5 Bf7 18. Bd3 Nc6 19. Ra3 Nc5 20. Bb1 Rfd8 21.
Nd2 Rd6 22. Ne4 Nxe4 23. Bxe4 Bc4 24. Rc3 Rad8 25. Bf3 Ba6 26. Be2 Bxe2 27. Kxe2
Rd2+ 28. Kf3 Rxb2 29. a3 Kf7 30. h4 h5 31. Rf1 Rdd2 32. Rfc1 Ke6 33. Rc5 Rb3 34.
R1c3 Rd3 35. Rxc6+ bxc6 36. Rxc6+ Kd7 37. Rc2 Rxa3 38. Rb2 Rdb3 39. Rd2+ Ke7 40.
Rc2 Rc3 41. Rb2 Rab3 42. Ra2 Rc7 43. Rc2 Rcc3 44. Ra2 Rc7 0-1

[Event "Druzynowe Mistrzostwa Polski - II liga"]
[Site "Dom Wczasowy VIS Jastrzebia Gora"]
[Date "1899-12-30"]
[Round "3.34"]
[White "Bednarski, Dawid"]
[Black "Wypych, Dominik"]
[Result "1-0"]
[WhiteTitle "I+"]
[BlackTitle "k"]
[WhiteElo "1989"]
[BlackElo "1997"]

1. e4 c6 2. d4 d5 3. Nc3 dxe4 4. Nxe4 Bf5 5. Ng3 Bg6 6. h4 h6 7. f4 e6 8. Nf3 Nd7
9. h5 Bh7 10. Bd3 Bxd3 11. Qxd3 Qb6 12. Be3 Qxb2 13. O-O Qa3 14. c3 Ngf6 15. Ne5
Qd6 16. Rab1 Qc7 17. f5 Nxe5 18. dxe5 Qxe5 19. fxe6 Bc5 20. exf7+ Kf8 21. Bd4
b6 22. Rbe1 Qd5 23. Rf5 Bxd4+ 24. cxd4 Qxf7 25. Qa3+ Kg8 26. Re7 Qc4 27. Qd6 Rf8
28. Ne4 Qc1+ 29. Kh2 Ng4+ 30. Kg3 Rxf5 31. Qe6+ Kh7 32. Qg6+ Kg8 33. Qxg7# 1-0

[Event "Druzynowe Mistrzostwa Polski - II liga"]
[Site "Dom Wczasowy VIS Jastrzebia Gora"]
[Date "1899-12-30"]
[Round "3.35"]
[White "Szczypawka, Aleksandra"]
[Black "Orlik, Sandra"]
[Result "1-0"]
[WhiteTitle "I++"]
[BlackTitle "I++"]
[WhiteElo "1741"]
[BlackElo "1840"]

1. d4 Nf6 2. c4 e6 3. Nc3 Bb4 4. f3 c5 5. d5 d6 6. Bg5 h6 7. Bh4 b5 8. e4 Qb6 9.
Bxf6 gxf6 10. cxb5 a6 11. bxa6 Bxa6 12. Bxa6 Rxa6 13. Nge2 Nd7 14. O-O Ke7 15.
dxe6 fxe6 16. Nf4 Kf7 17. Kh1 c4 18. Qe1 Qa5 19. Nfe2 Qh5 20. f4 Nc5 21. f5 e5
22. Ng3 Qg5 23. Qe2 Nd3 24. Nd5 Bc5 25. Qc2 Qh4 26. Qxc4 Nf2+ 27. Rxf2 Bxf2 28.
Qc7+ Kf8 29. Qe7+ 1-0

[Event "Druzynowe Mistrzostwa Polski - II liga"]
[Site "Dom Wczasowy VIS Jastrzebia Gora"]
[Date "1899-12-30"]
[Round "3.36"]
[White "Panek, Bartosz"]
[Black "Szustakowski, Antoni"]
[Result "0-1"]
[WhiteTitle "k"]
[BlackTitle "FM"]
[WhiteElo "2179"]
[BlackElo "2311"]

1. e4 c5 2. Nf3 e6 3. c3 Nf6 4. e5 Nd5 5. a3 Nc6 6. d4 cxd4 7. cxd4 d6 8. Bd3 Be7
9. O-O O-O 10. Bc2 Qc7 11. Qd3 g6 12. Re1 Ncb4 13. axb4 Nxb4 14. Qd1 Nxc2 15.
Bh6 Nxe1 16. Qxe1 Re8 17. Nc3 d5 18. h4 Bd7 19. Qd2 b5 20. Nh2 f5 21. Nf3 Rec8
22. Rc1 Qd8 23. Re1 Rc4 24. Qf4 Rac8 25. g4 fxg4 26. Qxg4 Bf8 27. Bg5 Qe8 28.
Ne2 Bg7 29. h5 Qf7 30. hxg6 hxg6 31. b3 Rc2 32. Nh4 Rxe2 33. Rxe2 Rc3 34. Bd2
Rxb3 35. f4 Be8 36. Rg2 Rb1+ 37. Kh2 Qe7 38. Qh3 Rb2 39. Nf3 Qf7 40. Ng5 Qf5 41.
Qc3 Rc2 42. Qa5 Bf8 43. Be3 Rxg2+ 44. Kxg2 Qc2+ 45. Kf3 Qc8 46. Qxa7 Bd7 47. Qa2
Be7 48. f5 Bxg5 49. Bxg5 gxf5 50. Qg2 Kf7 51. Bd2 Qf8 52. Qg5 Ke8 53. Qg6+ Kd8
54. Qf6+ Qxf6 55. exf6 Ke8 56. Kf4 Kf7 57. Ke5 Be8 58. Bb4 Kg6 59. Kxe6 Bf7+ 60.
Ke5 Kg5 61. Be1 Kg4 62. Kd6 f4 63. Kc5 Kf3 64. Kxb5 Ke2 65. Bh4 f3 66. Kc5 f2
67. Bxf2 Kxf2 0-1

[Event "Druzynowe Mistrzostwa Polski - II liga"]
[Site "Dom Wczasowy VIS Jastrzebia Gora"]
[Date "1899-12-30"]
[Round "3.37"]
[White "Paprocki, Antoni"]
[Black "Bilczewski, Kacper"]
[Result "1-0"]
[WhiteTitle "k"]
[BlackTitle "k+"]
[WhiteElo "2074"]
[BlackElo "2103"]

1. e4 e6 2. d4 d5 3. Nd2 c5 4. Ngf3 Nc6 5. exd5 exd5 6. Bb5 Bd6 7. O-O Nge7 8.
dxc5 Bxc5 9. Nb3 Bd6 10. h3 O-O 11. Nbd4 Bc7 12. Bd3 Nxd4 13. Nxd4 Qd6 14. f4
a6 15. Be3 Bd7 16. Qf3 Rad8 17. Rae1 Rfe8 18. c3 Bc8 19. Kh2 Ng6 20. g3 Re7 21.
Nb3 b6 22. Bd4 Rde8 23. Rxe7 Rxe7 24. Qh5 Re8 25. Nd2 Bd8 26. Nf3 Bf6 27. Be5
Qd8 28. Re1 Bxe5 29. Nxe5 d4 30. Nc6 Qd7 31. Rxe8+ Qxe8 32. Nxd4 Nf8 33. Qd5 Qe1
34. Qe4 Qf2+ 35. Qg2 Qe3 36. Qe2 Qxe2+ 37. Bxe2 Bb7 38. Nf5 Nd7 39. Bc4 b5 40.
Bxf7+ Kf8 41. Bb3 Nc5 42. Bc2 g6 43. Nd4 Ke7 44. Kg1 Bd5 45. b3 Be4 46. Bxe4 Nxe4
47. Ne2 Kd6 48. Kg2 Kd5 49. Kf3 Nd6 50. g4 a5 51. Ke3 a4 52. Nd4 h5 53. Nxb5 Ke5
1-0

[Event "Druzynowe Mistrzostwa Polski - II liga"]
[Site "Dom Wczasowy VIS Jastrzebia Gora"]
[Date "1899-12-30"]
[Round "3.38"]
[White "Samborski, Henryk"]
[Black "Skomial, Mateusz"]
[Result "0-1"]
[WhiteTitle "k"]
[BlackTitle "I++"]
[WhiteElo "2021"]
[BlackElo "2090"]

1. Nf3 d5 2. g3 Nf6 3. Bg2 c5 4. c4 d4 5. O-O Nc6 6. e3 e5 7. exd4 exd4 8. Re1+
Be7 9. d3 O-O 10. Na3 h6 11. Qb3 Bd6 12. Bd2 a6 13. Nc2 Qc7 14. a4 Bf5 15. a5
Rfe8 16. Qa3 Ng4 17. b4 cxb4 18. Nxb4 Nf6 19. Qa4 Bxb4 20. Bxb4 Bxd3 21. Rxe8+
Rxe8 22. Bc5 Be4 23. Bb6 Qd6 24. Rd1 d3 25. Rd2 Qe6 26. Ne1 Bxg2 27. Nxg2 Ne5
28. Qd1 Nxc4 29. Rxd3 Nb2 30. Qb3 Nxd3 31. Qxd3 Nd5 32. Bc5 Qe4 33. Qb3 Rc8 34.
f3 Qe6 35. Bd4 Qe2 0-1

[Event "Druzynowe Mistrzostwa Polski - II liga"]
[Site "Dom Wczasowy VIS Jastrzebia Gora"]
[Date "1899-12-30"]
[Round "3.39"]
[White "Kulesza, Andrzej"]
[Black "Radecki, Adam"]
[Result "0-1"]
[WhiteTitle "I++"]
[BlackTitle "I+"]
[WhiteElo "2014"]
[BlackElo "1989"]

1. e4 d6 2. Nf3 Nf6 3. Nc3 Nbd7 4. d4 e5 5. Bg5 Be7 6. Qd2 h6 7. Bxf6 Bxf6 8. d5
O-O 9. h4 Nb6 10. g3 Be7 11. O-O-O Bg4 12. Be2 Qd7 13. Ng1 Bxe2 14. Ngxe2 f5 15.
Rdf1 fxe4 16. Nxe4 Nc4 17. Qd3 Qa4 18. N2c3 Qb4 19. Nd1 Nb6 20. Ne3 Na4 21. Nd1
Rf7 22. c3 Nc5 23. Nxc5 Qxc5 24. Kb1 Raf8 25. Rfg1 Rf3 26. Qd2 Qc4 27. Re1 Rd3
28. Qc2 Qxd5 29. Ne3 Qe4 30. f4 Bd8 31. fxe5 Rf2 32. Qb3+ Kh7 33. Nc2 Re2 34.
Qb4 Qxb4 35. Nxb4 Rde3 36. Rxe2 Rxe2 37. exd6 cxd6 38. Rd1 Re6 39. Nd5 Bf6 40.
h5 Bg5 41. a3 Re2 42. Rd4 Rg2 43. g4 Kg8 44. Nc7 Be3 45. Re4 Bb6 46. Nd5 Bc5 47.
Rf4 Re2 48. Ka2 Re5 49. c4 b5 50. Kb3 bxc4+ 51. Kxc4 Re2 52. b4 Bg1 53. Kb5 Bh2
54. Rc4 Rd2 55. Kc6 Kf7 56. b5 Ke6 57. Nc7+ Ke5 58. a4 Bg1 59. a5 d5 60. Rc1 Bf2
61. Rf1 d4 62. b6 axb6 63. axb6 Rc2+ 64. Kd7 Rb2 65. b7 Rxb7 66. Rxf2 d3 67. Kc6
Rb4 68. Rf5+ Ke4 69. Ne6 d2 70. Nc5+ Ke3 71. Rd5 Rb1 72. Ne6 d1=Q 73. Rxd1 Rxd1
74. Nxg7 Kf4 75. Nf5 Ra1 76. Kd5 Ra6 77. Ng7 Kxg4 78. Ke5 Ra7 79. Kd4 0-1

[Event "Druzynowe Mistrzostwa Polski - II liga"]
[Site "Dom Wczasowy VIS Jastrzebia Gora"]
[Date "1899-12-30"]
[Round "3.40"]
[White "Kubik, Rafal"]
[Black "Marciniak, Leonard"]
[Result "1/2-1/2"]
[WhiteTitle "I++"]
[BlackTitle "I+"]
[WhiteElo "2023"]
[BlackElo "1811"]

1. e4 c5 2. c3 Nf6 3. e5 Nd5 4. Nf3 Nc6 5. Bc4 Nb6 6. Bb3 d5 7. exd6 Qxd6 8. O-O
Be6 9. Bxe6 Qxe6 10. a4 Qd7 11. a5 Nd5 12. a6 b6 13. d4 cxd4 14. Nxd4 e6 15. Nb5
Rd8 16. Qa4 Nc7 17. Be3 Nxb5 18. Qxb5 Be7 19. Nd2 O-O 20. Nc4 Qd5 21. Qxd5 exd5
22. Na3 Bxa3 23. Rxa3 d4 24. cxd4 Nxd4 25. Bxd4 Rxd4 26. Re1 Rfd8 27. Kf1 Kf8
28. g3 Rd3 29. Ra4 R8d4 30. Raa1 g6 31. Rac1 Ra4 32. Rc7 Rxa6 33. Ree7 Rf3 34.
Ke2 Rf5 35. Rxa7 Rxa7 36. Rxa7 Rb5 37. Ra2 Rb3 38. f4 Ke7 39. Kd1 Kd6 40. Kc2
Rf3 41. Ra7 Rf2+ 42. Kc3 Ke6 43. Rb7 Rxh2 44. Rxb6+ Kf5 45. Kd4 Rh3 46. Rb5+ Kg4
47. Rg5+ Kf3 48. f5 Rh2 49. fxg6 fxg6 50. b4 Rd2+ 51. Kc5 Rc2+ 52. Kd6 Rb2 53.
Kc5 Rc2+ 54. Kd6 Rb2 55. b5 h6 56. Rxg6 Rxb5 57. Kc6 Rg5 58. Rxh6 1/2-1/2

[Event "Druzynowe Mistrzostwa Polski - II liga"]
[Site "Dom Wczasowy VIS Jastrzebia Gora"]
[Date "1899-12-30"]
[Round "3.41"]
[White "Budkiewicz, Magdalena"]
[Black "Stebel, Agata"]
[Result "1-0"]
[WhiteTitle "k+"]
[BlackTitle "k"]
[WhiteElo "1786"]
[BlackElo "1885"]

1. e4 d6 2. d4 Nf6 3. Nc3 e5 4. Nf3 Nbd7 5. Bc4 Be7 6. O-O Nb6 7. Be2 exd4 8. Nxd4
O-O 9. Bf4 c6 10. Qd3 d5 11. e5 Ne8 12. Rad1 Nc4 13. Qf3 Nxb2 14. Rb1 Nc4 15.
Bxc4 dxc4 16. Rfd1 Qa5 17. Ne4 f6 18. e6 Nc7 19. Nd6 Bxd6 20. Bxd6 Re8 21. Nxc6
bxc6 22. Qxc6 Bxe6 23. Qxc7 Qh5 24. Re1 a5 25. c3 Bf7 26. h3 Qd5 27. Qc5 Qd2 28.
Rxe8+ Rxe8 29. Rb8 Rxb8 30. Bxb8 Qd7 31. Qxa5 h6 32. Bg3 Qc6 33. Qb4 Bd5 34. f3
Be6 35. a4 Bc8 36. a5 Kf7 37. Qb8 Qc5+ 38. Kh2 Qc6 39. Qb4 Bb7 40. Bf2 Qc7+ 41.
Bg3 Qc6 42. Qd6 f5 43. Qe5 Bc8 44. Bf2 g5 45. Bd4 Qe6 46. Qc7+ Ke8 47. Bb6 Ba6
48. Qb8+ Qc8 49. Qd6 Qd7 50. Qg6+ Qf7 51. Qc6+ Qd7 52. Qg6+ Qf7 53. Qxh6 Qg8 54.
Qc6+ Kf7 55. Qd5+ 1-0

[Event "Druzynowe Mistrzostwa Polski - II liga"]
[Site "Dom Wczasowy VIS Jastrzebia Gora"]
[Date "1899-12-30"]
[Round "3.42"]
[White "Putlak, Wojciech"]
[Black "Mondrzycki, Bartlomiej"]
[Result "0-1"]
[WhiteTitle "I++"]
[BlackTitle "CM"]
[WhiteElo "1994"]
[BlackElo "2220"]

1. Nf3 c5 2. c4 Nc6 3. d4 cxd4 4. Nxd4 Nf6 5. g3 e6 6. Nxc6 dxc6 7. Qxd8+ Kxd8
8. Bg2 e5 9. Nc3 Be6 10. b3 Nd7 11. Bb2 f6 12. O-O-O Kc7 13. h4 a5 14. Na4 Nc5
15. Nxc5 Bxc5 16. e3 Bg4 17. Rd2 Bb4 18. Rc2 a4 19. Be4 h6 20. Kb1 Rhd8 21. Bc3
axb3 22. axb3 Bxc3 23. Rxc3 f5 24. Bc2 Rd2 25. Rh2 e4 26. Kc1 Rad8 27. Bb1 Re2
28. Rc2 Re1+ 29. Kb2 Rdd1 30. Ba2 c5 31. Kc3 Rd3+ 32. Kb2 Kb6 33. Ka3 Ka5 34.
Rb2 Rc1 35. Bb1 Rdd1 36. Ba2 Rd3 37. Bb1 Rdd1 38. Ba2 Ra1 39. Rc2 h5 40. Rb2 Bf3
41. Rc2 Rd3 42. Rb2 b5 43. cxb5 c4 44. b6 Kxb6 45. Kb4 c3 46. Rc2 Rd2 47. Rxc3
Raxa2 48. Rc8 Rd6 49. Rb8+ Kc7 50. Rg8 g6 51. Rg7+ Kc6 52. Rg8 Ra7 53. Rc8+ Rc7
54. Rg8 Kd5 55. Rb8 Rdd7 56. Rg8 Rb7+ 57. Kc3 Rdc7+ 58. Kb2 Rb6 59. Rd8+ Rd6 60.
Rg8 Kc5 61. Rb8 Rd2+ 62. Kc3 Rd3+ 63. Kb2 Rc6 64. Ra8 Rb6 65. Ra3 Kc6 66. Kc2
Kb7 67. Ra5 Rbxb3 68. Rc5 Rb6 69. Ra5 Rc6+ 70. Kb2 Rd8 71. Kb3 Rb8 72. Re5 Kc7+
73. Ka4 Ra6+ 74. Ra5 Bd1+ 0-1

[Event "Druzynowe Mistrzostwa Polski - II liga"]
[Site "Dom Wczasowy VIS Jastrzebia Gora"]
[Date "1899-12-30"]
[Round "3.43"]
[White "Bronowicki, Mateusz"]
[Black "Brylowski, Marian"]
[Result "0-1"]
[WhiteTitle "FM"]
[BlackTitle "I++"]
[WhiteElo "2189"]
[BlackElo "2065"]

1. d4 d5 2. c4 e6 3. Nc3 c5 4. cxd5 exd5 5. Nf3 Nc6 6. g3 c4 7. Bg2 Bb4 8. O-O
Nge7 9. Bd2 O-O 10. a3 Ba5 11. b3 Bxc3 12. Bxc3 b5 13. Ne5 Be6 14. bxc4 bxc4 15.
Qa4 Rc8 16. Nxc6 Nxc6 17. Rab1 Qd7 18. Qa6 Rb8 19. a4 Bf5 20. Rb5 Rxb5 21. axb5
Nb8 22. Qa5 Re8 23. e3 Re6 24. b6 Rxb6 25. Qxd5 Bd3 26. Rc1 Qxd5 27. Bxd5 Kf8
28. Ba5 Rb5 29. Bxc4 Bxc4 30. Rxc4 Rxa5 31. Rc8+ Ke7 32. Rxb8 Ra2 33. g4 a5 34.
Rb7+ Kf6 35. h4 h6 36. Kg2 a4 37. Rb6+ Ke7 38. h5 Kd7 39. Ra6 Kc7 40. Ra7+ Kb6
41. Rxf7 a3 42. Rf8 Kb7 43. Rf5 Kb6 44. Rf8 Kb7 45. Rf5 Kb6 46. Rc5 Rc2 47. Re5
Rd2 48. Rc5 a2 49. Rc1 Kb5 50. Kg3 Rb2 51. f4 Kc4 52. Ra1 Kb3 53. g5 0-1

[Event "Druzynowe Mistrzostwa Polski - II liga"]
[Site "Dom Wczasowy VIS Jastrzebia Gora"]
[Date "1899-12-30"]
[Round "3.44"]
[White "Marszk, Kazimierz"]
[Black "Piotrowski, Przemyslaw"]
[Result "0-1"]
[WhiteTitle "k"]
[BlackTitle "FM"]
[WhiteElo "1872"]
[BlackElo "2219"]

1. g3 d5 2. Bg2 e5 3. Nf3 e4 4. Nd4 c5 5. Nb5 a6 6. N5a3 b5 7. c4 bxc4 8. d3 f5
9. dxe4 fxe4 10. Nc3 Be6 11. O-O Ra7 12. f3 e3 13. Bxe3 Nf6 14. Bg5 Be7 15. Qa4+
Qd7 16. Qxd7+ Rxd7 17. Rad1 h6 18. Bc1 d4 19. Ncb1 Nc6 20. Nd2 Na5 21. f4 c3 22.
bxc3 Bxa2 23. c4 O-O 24. Nf3 Nxc4 25. Nxc4 Bxc4 26. Ne5 Bxe2 27. Nxd7 Nxd7 28.
Rde1 Bxf1 29. Bxf1 Kf7 30. Bc4+ Ke8 31. Bxa6 Rf6 32. Bd3 Nb6 33. Ba3 Nd7 34. Rb1
Rb6 35. Re1 Rb3 36. Bg6+ Kd8 37. Bc1 c4 38. Bf7 Nb6 39. Rd1 Bc5 40. Kf1 d3 41.
f5 Rc3 42. Bf4 Rc2 43. Rd2 Ke7 44. Be6 Rxd2 45. Bxd2 Bd4 46. Bb4+ Kf6 47. Ke1
c3 48. Kd1 Na4 49. Ba3 Nb2+ 50. Bxb2 cxb2 51. Ba2 Kxf5 52. Kd2 Ke4 53. Bb1 g5
54. g4 Kf4 55. h3 Kg3 56. Kxd3 Bh8 57. Ke2 Kxh3 58. Kf3 h5 59. Bf5 h4 60. Bb1
Kh2 61. Ke4 Kg3 62. Kf5 h3 63. Kxg5 h2 64. Be4 h1=Q 65. Bxh1 b1=Q 0-1

[Event "Druzynowe Mistrzostwa Polski - II liga"]
[Site "Dom Wczasowy VIS Jastrzebia Gora"]
[Date "1899-12-30"]
[Round "3.45"]
[White "Suliborski, Jakub"]
[Black "Kot, Jerzy"]
[Result "1-0"]
[WhiteTitle "k"]
[BlackTitle "FM"]
[WhiteElo "2096"]
[BlackElo "1859"]

1. e4 c5 2. Nf3 Nc6 3. Bb5 Nf6 4. Nc3 g6 5. O-O Bg7 6. Re1 O-O 7. h3 Nd4 8. Bc4
e6 9. e5 Ne8 10. Nxd4 cxd4 11. Nb5 a6 12. Nxd4 Qc7 13. Qe2 f6 14. exf6 Rxf6 15.
Nf3 Rxf3 16. gxf3 b5 17. Bd5 Rb8 18. c3 Nf6 19. Be4 Nh5 20. d4 Nf4 21. Bxf4 Qxf4
22. Qe3 Qh4 23. f4 d5 24. Bg2 Bh6 25. Qg3 Qxf4 26. Qxf4 Bxf4 27. a3 Bd7 28. Re2
Kf7 29. Bf3 Kf6 30. Rae1 Rc8 31. Kg2 Rc6 32. Rc2 Rc8 33. Be2 a5 34. Bd3 Bd6 35.
Re3 Kg7 36. Rce2 Kf6 37. Re1 Rb8 38. h4 h6 39. Kf3 Be7 40. Rg1 Rg8 41. Ke2 Kf7
42. Rf3+ Bf6 43. Rfg3 g5 44. hxg5 Rxg5 45. Rxg5 Bxg5 46. f4 Bf6 47. b4 a4 48.
Kf3 Bg7 49. Bg6+ Kf8 50. f5 e5 51. Ke3 Bf6 52. dxe5 Bxe5 53. Kd3 Ke7 54. Rh1 Bf4
55. Kd4 Kd6 56. f6 Be6 57. Rf1 Be5+ 58. Kd3 Bh3 59. Rf3 1-0

[Event "Druzynowe Mistrzostwa Polski - II liga"]
[Site "Dom Wczasowy VIS Jastrzebia Gora"]
[Date "1899-12-30"]
[Round "3.46"]
[White "Grajczak, Adrian"]
[Black "Stelmaszuk, Maciej"]
[Result "1/2-1/2"]
[WhiteTitle "I++"]
[BlackTitle "I+"]
[WhiteElo "1831"]
[BlackElo "1992"]

1. e4 c5 2. b3 Nc6 3. Bb2 d6 4. Bb5 Bd7 5. f4 Nf6 6. Qe2 e6 7. Nf3 Be7 8. Bxc6
Bxc6 9. d3 O-O 10. Nbd2 b5 11. O-O a5 12. c4 a4 13. Rae1 axb3 14. axb3 Ra2 15.
Bc1 bxc4 16. bxc4 Nd7 17. g4 Bf6 18. Qe3 Bc3 19. Kg2 d5 20. exd5 exd5 21. cxd5
Bxd5 22. Kg3 Qc8 23. h3 Qc6 24. Rd1 Nb6 1/2-1/2

[Event "Druzynowe Mistrzostwa Polski - II liga"]
[Site "Dom Wczasowy VIS Jastrzebia Gora"]
[Date "1899-12-30"]
[Round "3.47"]
[White "Owczarek, Monika"]
[Black "Baginskaite, Kamile"]
[Result "0-1"]
[WhiteTitle "I"]
[BlackTitle "WGM"]
[WhiteElo "1453"]
[BlackElo "2125"]

1. c4 e5 2. Nc3 Nf6 3. g3 d5 4. cxd5 Nxd5 5. Bg2 Nb6 6. Nf3 Nc6 7. O-O Be7 8. d3
O-O 9. a3 a5 10. Be3 Be6 11. Rc1 a4 12. Bxb6 cxb6 13. Nxa4 e4 14. Ne1 Bg5 15.
Ra1 Nd4 16. Nc3 Nb3 17. Nxe4 Nxa1 18. Nxg5 Qxg5 19. Qxa1 Qd2 20. Bxb7 Ra7 21.
Bf3 Rc8 22. b4 Rac7 23. Qd4 Rc1 24. Qxb6 Rxe1 25. Rxe1 Qxe1+ 26. Kg2 h6 27. Be4
Qxe2 28. a4 g6 29. a5 Rc1 30. a6 Bg4 0-1